Men's Tennis Year End World Rankings 2020 - Top 20 - Statistics

General Stats
  • This quiz has been taken 16 times
  • The average score is 15 of 20
Answer Stats
Player % Correct
Novak Djokovic
100%
Rafael Nadal
100%
Roger Federer
100%
Andrey Rublev
91%
Daniil Medvedev
91%
Dominic Thiem
91%
Alexander Zverev
82%
Diego Schwartzman
82%
Stefanos Tsitsipas
82%
Matteo Berrettini
73%
Milos Raonic
73%
Roberto Bautista Agut
73%
Denis Shapovalov
64%
Gael Monfils
64%
Grigor Dimitrov
64%
Karen Khachanov
64%
Pablo Carreno Busta
64%
Stan Wawrinka
55%
David Goffin
45%
Fabio Fognini
45%
No matching quizzes found
Score Distribution
Percent of People with Each Score
Percentile by Number Answered
Your Score History
You have not taken this quiz